[Event "FRA-chT2S 0203"]
[Site "France"]
[Date "2003.??.??"]
[Round "10.1"]
[White "Sanchis, Antoine"]
[Black "Chomet, Pascal"]
[Result "0-1"]
[WhiteElo "2252"]
[BlackElo "2376"]
[PlyCount "50"]
[EventDate "2002.10.??"]
[EventType "team"]
[EventRounds "11"]
[EventCountry "FRA"]
[SourceTitle "EXT 2004"]
[Source "ChessBase"]
[SourceDate "2003.11.25"]
[SourceVersion "1"]
[SourceVersionDate "2003.11.25"]
[SourceQuality "1"]
[WhiteTeam "Maromme"]
[BlackTeam "Bois Colombes"]
[WhiteTeamCountry "FRA"]
[BlackTeamCountry "FRA"]

1. d4 d6 2. c4 g6 3. Nc3 Bg7 4. e4 Nd7 5. f4 e5 6. fxe5 dxe5 7. d5 Qh4+ 8. g3 Qd8 9. Bh3 h5 10. Be3 h4 11. Qa4 Bh6 12. Bxh6 Nxh6 13. 0-0-0 0-0 14. gxh4 Nb6 15. Qb3 Bxh3 16. Nxh3 Qxh4 17. Ng1 Ng4 18. Nf3 Qf2 19. Rdf1 Qe3+ 20. Nd2 Nf2 21. Rhg1 Nd3+ 22. Kc2 Nc5 23. Qb4 Nd3 24. Qa3 Nf4 25. Rg3 Qxd2+ 0-1

[Event "FRA-chT2S 0203"]
[Site "France"]
[Date "2002.11.17"]
[Round "3.3"]
[White "Verat, Laurent"]
[Black "Sanchis, Antoine"]
[Result "1/2-1/2"]
[WhiteElo "2360"]
[BlackElo "2252"]
[PlyCount "159"]
[EventDate "2002.10.??"]
[EventType "team"]
[EventRounds "11"]
[EventCountry "FRA"]
[SourceTitle "EXT 2004"]
[Source "ChessBase"]
[SourceDate "2003.11.25"]
[SourceVersion "1"]
[SourceVersionDate "2003.11.25"]
[SourceQuality "1"]
[WhiteTeam "Clichy II"]
[BlackTeam "Maromme"]
[WhiteTeamCountry "FRA"]
[BlackTeamCountry "FRA"]

1. d4 d5 2. c4 e6 3. Nf3 c6 4. Qc2 Nf6 5. g3 Bd6 6. Bg2 0-0 7. 0-0 Nbd7 8. Nbd2 Re8 9. b3 e5 10. cxd5 cxd5 11. dxe5 Nxe5 12. Bb2 Bg4 13. Nxe5 Bxe5 14. Bxe5 Rxe5 15. Nf3 Bxf3 16. Bxf3 Rc8 17. Qb2 Re7 18. Rac1 Rec7 19. Rxc7 Qxc7 20. Rd1 Qc2 21. Qxc2 Rxc2 22. e4 Kf8 23. exd5 Ke7 24. d6+ Kd7 25. Bxb7 Rxa2 26. Bg2 Ra6 27. Bh3+ Kd8 28. Rc1 Rxd6 29. Rc8+ Ke7 30. Rc7+ Kf8 31. Rxa7 Rd2 32. Bf1 Ne4 33. Bc4 Nd6 34. Kg2 Nxc4 35. bxc4 Rc2 36. Rc7 Rc3 37. h4 h5 38. c5 g6 39. c6 Ke8 40. Rc8+ Ke7 41. c7 Kf6 42. Kf1 Rc2 43. Ke1 Kg7 44. Kd1 Rc6 45. Kd2 Rd6+ 46. Ke3 Re6+ 47. Kf4 Rf6+ 48. Ke5 Rc6 49. f3 Rc1 50. g4 Re1+ 51. Kf4 Rc1 52. gxh5 gxh5 53. Ke5 Rc2 54. f4 Rc1 55. f5 f6+ 56. Ke4 Rc6 57. Kd5 Rc1 58. Rd8 Rxc7 59. Kd6 Rc4 60. Rd7+ Kg8 61. Ke6 Rxh4 62. Kxf6 Rg4 63. Rd8+ Kh7 64. Kf7 Rg7+ 65. Ke6 Rg1 66. f6 Re1+ 67. Kf7 Ra1 68. Kf8 Kg6 69. f7 Rf1 70. Rd6+ Kg5 71. Kg7 Rxf7+ 72. Kxf7 h4 73. Ke6 h3 74. Rd8 Kf4 75. Rh8 Kg3 76. Kf5 h2 77. Ke4 Kg2 78. Rg8+ Kf2 79. Rh8 Kg2 80. Rg8+ 1/2-1/2

[Event "Jacques Jaudran mem sf4 corr"]
[Site "France AJEC"]
[Date "2002.06.15"]
[Round "?"]
[White "Roux, Thierry"]
[Black "Sanchis, Antoine"]
[Result "1-0"]
[WhiteElo "2073"]
[BlackElo "2167"]
[PlyCount "57"]
[EventDate "2002.06.15"]
[EventType "tourn (corr)"]
[EventRounds "10"]
[EventCountry "FRA"]
[SourceTitle "Corr 2011"]
[Source "ChessBase"]
[SourceDate "2010.08.31"]
[SourceVersion "1"]
[SourceVersionDate "2010.08.31"]
[SourceQuality "1"]

1. e4 e6 2. d4 d5 3. e5 c5 4. Nf3 cxd4 5. Nxd4 Ne7 6. Bg5 Qb6 7. Bb5+ Bd7 8. Nc3 Ng6 9. 0-0 a6 10. Be2 Nxe5 11. Nb3 Bd6 12. Be3 Qc7 13. f4 Nc4 14. Bxc4 Qxc4 15. Qd4 Qxd4 16. Bxd4 0-0 17. Rae1 Nc6 18. Bc5 Bxc5+ 19. Nxc5 Bc8 20. N3a4 b5 21. Nb6 Ra7 22. f5 exf5 23. Nxd5 Rd8 24. Rf2 f6 25. Rd2 Kf7 26. a4 Ne5 27. b4 Nc4 28. Rd4 Bb7 29. Re7+ 1-0

[Event "Jacques Jaudran mem sf4 corr"]
[Site "France AJEC"]
[Date "2002.06.15"]
[Round "?"]
[White "Sanchis, Antoine"]
[Black "Delabarre, Olivier"]
[Result "0-1"]
[WhiteElo "2167"]
[BlackElo "2100"]
[PlyCount "70"]
[EventDate "2002.06.15"]
[EventType "tourn (corr)"]
[EventRounds "10"]
[EventCountry "FRA"]
[SourceTitle "Corr 2011"]
[Source "ChessBase"]
[SourceDate "2010.08.31"]
[SourceVersion "1"]
[SourceVersionDate "2010.08.31"]
[SourceQuality "1"]

1. d4 d5 2. c4 c6 3. Nc3 Nf6 4. e3 e6 5. Nf3 Nbd7 6. Bd3 dxc4 7. Bxc4 b5 8. Bd3 Bb7 9. e4 b4 10. Na4 c5 11. e5 Nd5 12. Nxc5 Nxc5 13. dxc5 Bxc5 14. 0-0 h6 15. Nd2 Qc7 16. Nc4 0-0-0 17. Re1 Kb8 18. Qb3 f6 19. Bd2 Rhf8 20. Re2 Nc3 21. bxc3 Rxd3 22. Rc1 Rfd8 23. Qb2 bxc3 24. Bxc3 Qc6 25. Ne3 Bxe3 26. fxe3 Rxc3 27. Qxc3 Rd1+ 28. Rxd1 Qxc3 29. exf6 gxf6 30. e4 Kc7 31. h3 a5 32. Rde1 Qd4+ 33. Kh2 Kd6 34. Kg3 Ke5 35. Re3 Ba6 0-1

[Event "Jacques Jaudran mem prel3 corr"]
[Site "France AJEC"]
[Date "2000.??.??"]
[Round "?"]
[White "Devocelle, Luc"]
[Black "Sanchis, Antoine"]
[Result "1-0"]
[WhiteElo "2331"]
[BlackElo "2167"]
[PlyCount "61"]
[EventDate "2000.11.15"]
[EventType "swiss (corr)"]
[EventRounds "8"]
[EventCountry "FRA"]
[SourceTitle "Corr 2004"]
[Source "ChessBase"]
[SourceDate "2003.04.28"]
[SourceVersion "3"]
[SourceVersionDate "2003.04.28"]
[SourceQuality "1"]

1. d4 d5 2. c4 e6 3. Nc3 Be7 4. Nf3 Nf6 5. e3 0-0 6. Bd3 c5 7. cxd5 exd5 8. dxc5 Bxc5 9. 0-0 Nc6 10. a3 a5 11. Qc2 Bg4 12. Ng5 g6 13. h3 h6 14. Nxf7 Rxf7 15. hxg4 Nxg4 16. Bxg6 Rg7 17. g3 Qg5 18. Bf5 Rf8 19. Bxg4 Qxg4 20. Qd1 Rf3 21. Qxd5+ Kh8 22. Ne4 Rf5 23. Qe6 Qh3 24. Rd1 Qh5 25. Bd2 Re5 26. Nxc5 Rxe6 27. Nxe6 Re7 28. Bc3+ Kg8 29. Nf4 Qf3 30. Rd6 h5 31. Rg6+ 1-0

[Event "Jacques Jaudran mem prel3 corr"]
[Site "France AJEC"]
[Date "2000.??.??"]
[Round "?"]
[White "Sanchis, Antoine"]
[Black "Maumey, Marc"]
[Result "1-0"]
[WhiteElo "2167"]
[BlackElo "2081"]
[PlyCount "107"]
[EventDate "2000.11.15"]
[EventType "swiss (corr)"]
[EventRounds "8"]
[EventCountry "FRA"]
[SourceTitle "Corr 2004"]
[Source "ChessBase"]
[SourceDate "2003.04.28"]
[SourceVersion "3"]
[SourceVersionDate "2003.04.28"]
[SourceQuality "1"]

1. c4 e5 2. Nc3 Nf6 3. Nf3 Nc6 4. e3 Bb4 5. Qc2 d6 6. a3 Bxc3 7. Qxc3 Bg4 8. b4 Qe7 9. Bb2 Bxf3 10. gxf3 a5 11. Be2 axb4 12. axb4 Rxa1+ 13. Bxa1 d5 14. c5 d4 15. Qc4 0-0 16. b5 Na5 17. Qa4 b6 18. cxb6 cxb6 19. f4 dxe3 20. dxe3 exf4 21. Qxf4 Nd5 22. Qd4 Qb4+ 23. Qxb4 Nxb4 24. Bc3 Nd5 25. Bxa5 bxa5 26. Kd2 Nb6 27. Rc1 Rd8+ 28. Bd3 Kf8 29. e4 Rd6 30. Rc7 Rd7 31. Rc6 Rb7 32. Kc3 f6 33. f4 Ke7 34. h4 h6 35. Kb3 Kd7 36. Be2 Kd8 37. Bg4 Rb8 38. h5 Rb7 39. e5 fxe5 40. fxe5 Nd7 41. Ka4 Nxe5 42. Rc8+ Ke7 43. Be2 Kd7 44. Ra8 Kc7 45. Kxa5 g6 46. hxg6 Nxg6 47. Bf3 Rb8 48. Ra7+ Kd8 49. Rg7 Ne7 50. b6 Kd7 51. b7 Kd6 52. Kb6 Rh8 53. Bg4 Rb8 54. Rh7 1-0

[Event "Cappelle op 11th"]
[Site "Cappelle la Grande"]
[Date "1995.??.??"]
[Round "5"]
[White "Martin Gonzalez, Alejandro"]
[Black "Sanchis, Antoine"]
[Result "0-1"]
[WhiteElo "2440"]
[BlackElo "2145"]
[PlyCount "80"]
[EventDate "1995.03.??"]
[EventType "swiss"]
[EventRounds "9"]
[EventCountry "FRA"]
[SourceTitle "EXT 1997"]
[Source "ChessBase"]
[SourceDate "1996.11.15"]
[SourceVersion "1"]
[SourceVersionDate "1996.11.15"]
[SourceQuality "1"]

1. d4 Nf6 2. c4 c5 3. d5 b5 4. cxb5 a6 5. b6 Qxb6 6. Nc3 d6 7. e4 g6 8. Nf3 Bg7 9. Be2 0-0 10. h3 e6 11. 0-0 exd5 12. exd5 Bb7 13. Nh2 Nbd7 14. Kh1 Rfe8 15. Rb1 Rab8 16. Be3 Qc7 17. b3 Nb6 18. Bc4 Nxc4 19. bxc4 Bc8 20. g4 Nxg4 21. Nxg4 Bxg4 22. Qxg4 Bxc3 23. h4 Qe7 24. Rxb8 Rxb8 25. h5 f5 26. Qh3 Qe4+ 27. Kg1 Qg4+ 28. Qxg4 fxg4 29. hxg6 h5 30. Bf4 Rb6 31. f3 Kg7 32. fxg4 hxg4 33. Kg2 Kxg6 34. Kg3 Rb4 35. Bxd6 Rxc4 36. Be7 Be5+ 37. Kg2 Rc2+ 38. Rf2 Rxf2+ 39. Kxf2 c4 40. d6 Kf7 0-1

[Event "Cappelle op 11th"]
[Site "Cappelle la Grande"]
[Date "1995.??.??"]
[Round "2"]
[White "Sanchis, Antoine"]
[Black "Upton, Timothy J"]
[Result "0-1"]
[WhiteElo "2145"]
[BlackElo "2285"]
[PlyCount "79"]
[EventDate "1995.03.??"]
[EventType "swiss"]
[EventRounds "9"]
[EventCountry "FRA"]
[SourceTitle "EXT 1997"]
[Source "ChessBase"]
[SourceDate "1996.11.15"]
[SourceVersion "1"]
[SourceVersionDate "1996.11.15"]
[SourceQuality "1"]

1. Nf3 d5 2. c4 e6 3. d4 Nf6 4. Nc3 Be7 5. Bg5 0-0 6. e3 h6 7. Bh4 b6 8. cxd5 exd5 9. Be2 Bb7 10. Qb3 Nbd7 11. 0-0 Re8 12. Rac1 c6 13. Rfd1 Rc8 14. Ne5 Nxe5 15. dxe5 Nd7 16. Bg3 Bh4 17. Bxh4 Qxh4 18. f4 Rcd8 19. g3 Qe7 20. Re1 Nc5 21. Qc2 Ne6 22. Rcd1 Qc5 23. Bd3 b5 24. Qf2 Qb6 25. b4 a5 26. a3 Ra8 27. Ra1 Ra7 28. Rab1 axb4 29. axb4 Ra3 30. Rbc1 d4 31. exd4 Nxd4 32. Kf1 c5 33. bxc5 Qxc5 34. Nxb5 Qd5 35. Nxd4 Rxd3 36. Red1 Rxd1+ 37. Rxd1 Ra8 38. Re1 Ra2 39. Ne2 Ra3 40. Ng1 0-1

[Event "Maromme op"]
[Site "Maromme"]
[Date "1994.??.??"]
[Round "?"]
[White "Sanchis, Antoine"]
[Black "Aubert, Laurent"]
[Result "0-1"]
[WhiteElo "2115"]
[BlackElo "2285"]
[PlyCount "66"]
[EventDate "1994.??.??"]
[EventType "swiss"]
[EventRounds "7"]
[EventCountry "FRA"]
[SourceTitle "EXT 1998"]
[Source "ChessBase"]
[SourceDate "1997.11.17"]
[SourceVersion "1"]
[SourceVersionDate "1997.11.17"]
[SourceQuality "1"]

1. d4 Nf6 2. c4 c5 3. d5 b5 4. cxb5 a6 5. bxa6 Bxa6 6. Nc3 g6 7. e4 Bxf1 8. Kxf1 d6 9. Nf3 Nbd7 10. h3 Bg7 11. g3 0-0 12. Kg2 Qb6 13. Re1 Ne8 14. Qc2 Nc7 15. Bg5 Rfe8 16. Bd2 Na6 17. Na4 Qb5 18. a3 Reb8 19. Ra2 Nc7 20. Nc3 Qc4 21. b4 Bxc3 22. Bxc3 Nb5 23. Ba1 Qxc2 24. Rxc2 Nxa3 25. Rb2 cxb4 26. Rc1 Nc5 27. Re2 b3 28. Ne1 Ra4 29. f3 Nc4 30. Bb2 Nxb2 31. Rxb2 Ra2 32. Rcb1 Rxb2+ 33. Rxb2 Na4 0-1

[Event "FRA-ch Fide"]
[Site "Nantes"]
[Date "1993.08.24"]
[Round "7"]
[White "Kappler, Jean Marie"]
[Black "Sanchis, Antoine"]
[Result "1-0"]
[WhiteElo "2325"]
[BlackElo "2110"]
[PlyCount "65"]
[EventDate "1993.08.??"]
[EventType "swiss"]
[EventRounds "11"]
[EventCountry "FRA"]
[SourceTitle "EXT 2004"]
[Source "ChessBase"]
[SourceDate "2003.11.25"]
[SourceVersion "1"]
[SourceVersionDate "2003.11.25"]
[SourceQuality "1"]

1. e4 e6 2. d4 d5 3. e5 c5 4. Nf3 cxd4 5. Qxd4 Nc6 6. Qf4 f6 7. Bb5 Bd7 8. Bxc6 bxc6 9. 0-0 Nh6 10. Re1 f5 11. c4 Nf7 12. Nc3 g5 13. Nxg5 Nxg5 14. Qxg5 Qxg5 15. Bxg5 dxc4 16. Rec1 c5 17. Nd1 Bc6 18. Ne3 Rg8 19. Bf4 Rb8 20. Rc2 Rb4 21. a3 Rb3 22. Rac1 c3 23. Rxc3 Rxb2 24. g3 Ra2 25. Nc4 Bd5 26. Be3 Rg7 27. Bh6 Rb7 28. Bxf8 Kxf8 29. Ne3 Rb5 30. Nxd5 exd5 31. Rxc5 Rbb2 32. Rc8+ Kg7 33. R8c7+ 1-0

[Event "Paris-ch op"]
[Site "Paris"]
[Date "1993.??.??"]
[Round "1"]
[White "Shevelev, Sergei"]
[Black "Sanchis, Antoine"]
[Result "1-0"]
[WhiteElo "2395"]
[BlackElo "2260"]
[PlyCount "90"]
[EventDate "1993.04.??"]
[EventType "swiss"]
[EventRounds "9"]
[EventCountry "FRA"]
[SourceTitle "EXT 1998"]
[Source "ChessBase"]
[SourceDate "1997.11.17"]
[SourceVersion "1"]
[SourceVersionDate "1997.11.17"]
[SourceQuality "1"]

1. d4 d5 2. c4 e6 3. Nc3 Nf6 4. Bg5 Be7 5. e3 0-0 6. Nf3 Nbd7 7. cxd5 exd5 8. Bd3 Re8 9. 0-0 c6 10. Qc2 Nf8 11. h3 h6 12. Bf4 Ne6 13. Bh2 b6 14. Rab1 c5 15. dxc5 bxc5 16. Rfd1 Bb7 17. Bb5 Rf8 18. Qa4 Qb6 19. Be2 a5 20. Qb5 Qa7 21. Be5 Rfd8 22. b3 Rac8 23. Na4 Nd7 24. Bc3 Ra8 25. Rb2 Nc7 26. Qd3 Nb6 27. Nxb6 Qxb6 28. Qf5 Bc8 29. Qh5 Be6 30. Bd3 Ne8 31. Ne5 Nf6 32. Qe2 d4 33. exd4 cxd4 34. Be1 Bb4 35. Rc2 Rac8 36. Rxc8 Bxc8 37. Nc4 Qc5 38. Bxb4 axb4 39. Qe5 Qd5 40. Qxd5 Nxd5 41. Ne5 Bb7 42. Bc4 Nc3 43. Rd2 Ne4 44. Rd3 Ng5 45. f4 Ne6 1-0